Access VBA : Velká kniha řešení

Salvato in:
Dettagli Bibliografici
Autore principale: Held, Bernd (Autore)
Natura: Libro
Lingua:ceco
Pubblicazione: Brno : Computer Press, 2006
Soggetti:
Tags: Aggiungi Tag
Nessun Tag, puoi essere il primo ad aggiungerne!!

MARC

LEADER 00000nam a22000003a 4500
001 stu149596
005 20200911111459.0
008 071115s2006----xr------------------cze-d
020 |a 80-251-1112-1 
040 |a STU  |b slo 
041 0 |a cze 
044 |a xr 
080 |a 004.43 
080 |a ACCESS 
080 |a 681.32.06 
080 |a 681.32.016 
080 |a 519.683.5 
084 |a C6160  |2 INS  |7 stu_us_auth*stu16331 
084 |a C7100  |2 INS 
100 1 |a Held, Bernd  |4 aut 
245 1 |a Access VBA :  |b Velká kniha řešení 
260 |a Brno :  |b Computer Press,  |c 2006 
300 |a 639 s 
650 7 |a dátabázové systémy  |2 stusub 
650 7 |a programové systémy  |2 stusub 
650 7 |a programovacie jazyky  |2 stusub 
996 |b 284EK87418  |c E*87418  |l EELSDV  |s P  |a 0  |w stu149596_0001 
996 |b 284EK87028  |c E*87028  |l EE22  |s P  |a 0  |w stu149596_0004